| 000 | 00910nam a2200241 a 4500 | ||
|---|---|---|---|
| 001 | 47411 | ||
| 003 | BD-RjUL | ||
| 005 | 20211209054317.0 | ||
| 008 | 160808r20032001bg ||||| |||| 00| 0 ben d | ||
| 020 |
_a9848430490 _c: Tk. 200.00 |
||
| 035 | _a(BD-RjUL)47530 | ||
| 040 |
_aBD-RjUL _bben _cBD-RjUL |
||
| 041 | _aben | ||
| 082 |
_223 _a346.03 _bSIT 2003 |
||
| 100 | 1 |
_aসিদ্দিক, এ বি _9144200 |
|
| 245 | 1 | 0 |
_aটর্ট আইন = The law of Torts : _b[ইকনোমিক টর্টসহ] = (including economic tort) / _cএ. বি. সিদ্দিক |
| 250 | _a৫ম সং | ||
| 260 |
_aচট্টগ্রাম : _bকামরুল বুক হাউস, _c২০০১, [মুদ্রণ ২০০৩] |
||
| 300 |
_axx, ১৮৬ পৃ. ; _c২১ সেমি. |
||
| 650 |
_aটর্ট আইন _9144201 |
||
| 650 |
_aTort law _9144202 |
||
| 942 |
_2ddc _cBK _05 |
||
| 999 |
_c47411 _d47411 |
||